Επιστροφή στην ύπαιθρο; : διερεύνηση του φαινομένου από συμβούλους νέων αγροτών στην Αθήνα : πτυχιακή εργασία

Αποθηκεύτηκε σε:
Λεπτομέρειες βιβλιογραφικής εγγραφής
Κύριος συγγραφέας: Γκόλιας, Χρήστος
Συγγραφή απο Οργανισμό/Αρχή: Πανεπιστήμιο Αιγαίου. Σχολή Κοινωνικών Επιστημών. Τμήμα Γεωγραφίας
Άλλοι συγγραφείς: Κίζος, Αθανάσιος (Εισηγητής διατριβής)
Μορφή: Thesis Βιβλίο
Γλώσσα:Greek
Δημοσίευση: 2014
Θέματα:
Διαθέσιμο Online:http://hdl.handle.net/11610/6171
Ετικέτες: Προσθήκη ετικέτας
Δεν υπάρχουν, Καταχωρήστε ετικέτα πρώτοι!

MARC

LEADER 00000cam a2200000 i 4500
001 1/67162
008 150217s2014 gre d
035 |l 10121115 
040 |a GR-MY-UA  |b gre  |e aacr 
041 0 |a gre 
082 0 |a 338.1  |2 (22) 
100 1 |a Γκόλιας, Χρήστος. 
245 1 0 |a Επιστροφή στην ύπαιθρο; :   |b διερεύνηση του φαινομένου από συμβούλους νέων αγροτών στην Αθήνα : πτυχιακή εργασία /  |c Γκόλιας Χρήστος ; επιβλέπων καθηγητής: Κίζος Αθανάσιος 
260 |c 2014 
300 |a 65 σ.;  |b εικ., πίν.;  |c 30 εκ. 
502 |a Πτυχιακή εργασία – Πανεπιστήμιο Αιγαίου, Λέσβος, 2014. 
504 |a Βιβλιογραφία: σ. 65 
650 0 0 |a Farmers  |x Attitudes. 
650 0 |a Agriculture  |x Economic aspects  |z Greece  |z Athens. 
650 0 |a Agriculture  |x Research  |z Greece  |z Athens. 
650 0 0 |a Dissertations, Academic  |z Greece. 
700 1 |4 ths  |a Κίζος, Αθανάσιος. 
710 2 |a Πανεπιστήμιο Αιγαίου.   |b Σχολή Κοινωνικών Επιστημών.   |b Τμήμα Γεωγραφίας. 
852 |a INST  |b LESVOS  |c DIATR  |e 20150217  |h 819  |p 005100056032  |q 005100056032  |t DIE  |y 23 
852 |a INST  |b LESVOS  |c DIATR  |e 20150217  |h 820  |p 005100056031  |q 005100056031  |t DIE  |y 23 
856 |u http://hdl.handle.net/11610/6171 
901 |a BIBL1-2015-1 
909 |a Λ  |b 192799 
909 |a Λ  |b 192800 
924 |a ΓΚΟΛΙΑΣ  |b ΧΡΗΣΤΟΣ  |y ΛΕΣΒΟΣ  |z 2014-11 
970 |a ΤΖΑΦΕΡΗ  |b ΕΥΑΓΓΕΛΙΑ  |z 2015/02/16